书目信息 |
| 题名: |
中华学习机CEC-I技术参考手册
|
|
| 作者: | ;中华学习机联合设计组 编 | |
| 分册: | ||
| 出版信息: | 北京 清华大学出版社 1987 |
|
| 页数: | 199页 | |
| 开本: | 19cm | |
| 丛书名: | 全国“ 星火计划”丛书 | |
| 单 册: | ||
| 中图分类: | TP391.6-62 | |
| 科图分类: | ||
| 主题词: | 学习机--技术手册 | |
| 电子资源: | ||
| ISBN: | 978-7-302-00026-6 | |
| 000 | 00921nam2 2200277 450 | |
| 001 | 0100227253 | |
| 005 | 20020928000000.0 | |
| 010 | @a978-7-302-00026-6@dCNY1.95 | |
| 100 | @a19921024d1987 em y0chiy0110 ea | |
| 101 | 0 | @achi |
| 102 | @aCN@b110000 | |
| 105 | @ay z 000yy | |
| 106 | @ar | |
| 200 | 1 | @a中华学习机CEC-I技术参考手册@9Zhong Hua Xue Xi Ji C E C - I Ji Shu;Zhu Can;Cen;Shen Kao Shou Ce @e硬件@f中华学习机联合设计组编@b专著 |
| 210 | @a北京@c清华大学出版社@d1987 | |
| 215 | @a199页@d19cm | |
| 225 | 2 | @a全国“ 星火计划”丛书 |
| 225 | 2 | @a青少年计算机学习与应用丛书 |
| 410 | 0 | @12001 @a青少年计算机学习与应用丛书 |
| 410 | 0 | @12001 @a全国“ 星火计划”丛书 |
| 606 | 0 | @a学习机@x技术手册 |
| 690 | @aTP391.6-62@v3 | |
| 711 | 02 | @a中华学习机联合设计组@9zhong hua xue xi ji lian he she ji zu@4编 |
| 801 | 0 | @aCN@b深圳图书馆 |
| 801 | 2 | @aCN@bAiZhiMarc |
| 905 | @aBZT@dTP391.6-62@e1@f21@sTP391.6-62/1 | |
| 中华学习机CEC-I技术参考手册:硬件/中华学习机联合设计组编.-北京:清华大学出版社,1987 |
| 199页;19cm.-(全国“ 星火计划”丛书).-(青少年计算机学习与应用丛书) |
| ISBN 978-7-302-00026-6:CNY1.95 |
| ● |
| 相关链接 |
|
|
|
正题名:中华学习机CEC-I技术参考手册
索取号:TP391.6-62/1
 
预约/预借
| 序号 | 登录号 | 条形码 | 馆藏地/架位号 | 状态 | 备注 |
| 1 | 2000080881 | 2000080881 | 旧书回溯/ [索取号:TP391.6-62/1] | 在馆 | |
| 2 | 2000080882 | 2000080882 | 旧书回溯/ [索取号:TP391.6-62/1] | 在馆 | |
| 3 | 2000080883 | 2000080883 | 旧书回溯/ [索取号:TP391.6-62/1] | 在馆 | |
| 4 | 2000080884 | 2000080884 | 旧书回溯/ [索取号:TP391.6-62/1] | 在馆 | |
| 5 | 2000080885 | 2000080885 | 旧书回溯/ [索取号:TP391.6-62/1] | 在馆 | |
| 6 | 2000080886 | 2000080886 | 旧书回溯/ [索取号:TP391.6-62/1] | 在馆 | |
| 7 | 2000080887 | 2000080887 | 旧书回溯/ [索取号:TP391.6-62/1] | 在馆 | |
| 8 | 2000080888 | 2000080888 | 旧书回溯/ [索取号:TP391.6-62/1] | 在馆 | |
| 9 | 2000080889 | 2000080889 | 旧书回溯/ [索取号:TP391.6-62/1] | 在馆 | |
| 10 | 2000080890 | 2000080890 | 旧书回溯/ [索取号:TP391.6-62/1] | 在馆 | |
| 11 | 2000080891 | 2000080891 | 旧书回溯/ [索取号:TP391.6-62/1] | 在馆 | |
| 12 | 2000080892 | 2000080892 | 旧书回溯/ [索取号:TP391.6-62/1] | 在馆 | |
| 13 | 2000080893 | 2000080893 | 旧书回溯/ [索取号:TP391.6-62/1] | 在馆 | |
| 14 | 2000080894 | 2000080894 | 旧书回溯/ [索取号:TP391.6-62/1] | 在馆 | |
| 15 | 2000080895 | 2000080895 | 旧书回溯/ [索取号:TP391.6-62/1] | 在馆 | |
| 16 | 2000080896 | 2000080896 | 旧书回溯/ [索取号:TP391.6-62/1] | 在馆 | |
| 17 | 2000080897 | 2000080897 | 旧书回溯/ [索取号:TP391.6-62/1] | 在馆 | |
| 18 | 2000080898 | 2000080898 | 旧书回溯/ [索取号:TP391.6-62/1] | 在馆 | |
| 19 | 2000080899 | 2000080899 | 旧书回溯/ [索取号:TP391.6-62/1] | 在馆 | |
| 20 | 2000080900 | 2000080900 | 旧书回溯/ [索取号:TP391.6-62/1] | 在馆 | |
| 21 | 2000080901 | 2000080901 | 旧书回溯/ [索取号:TP391.6-62/1] | 在馆 |